| 000 | 00854cam a2200277 a 4500 | ||
|---|---|---|---|
| 008 | |||
| 020 | _a0072961163 (hbk.) | ||
| 049 | _aMAIN | ||
| 090 |
_aHV9950 _bBOH |
||
| 100 | 1 | _aBohm, Robert M. | |
| 245 | 1 | 0 |
_aIntroduction to criminal justice / _cRobert M. Bohm, Keith N. Haley. |
| 250 | _a4th ed. | ||
| 260 |
_aBoston : _bMcGraw-Hill, _cc2005. |
||
| 300 |
_axxv, 548, [49] p. : _bcol. ill. ; _c28 cm. |
||
| 504 | _aIncludes bibliographical references. | ||
| 500 | _aIncludes index. | ||
| 650 | 0 |
_aCriminal justice, Administration of _zUnited States. |
|
| 650 | 0 |
_aCrime _zUnited States. |
|
| 650 | 0 |
_aCriminal law _zUnited States. |
|
| 700 | 1 | _aHaley, Keith N. | |
| 907 |
_a.b10299671 _b24-11-11 _c07-07-11 |
||
| 003 | |||
| 005 | 20230123125348.0 | ||
| 040 | _cNUST | ||
| 942 |
_cBOOKS _kHV9950 _mBOH |
||
| 999 |
_c140201 _d140201 |
||